Enfermedad hipertensiva y aterosclerosis... / (Record no. 104152)

MARC details
000 -LEADER
campo de control de longitud fija 00477nam a2200157 i 4500
001 - NÚMERO DE CONTROL
campo de control 104152
003 - IDENTIFICADOR DE NÚMERO DE CONTROL
campo de control ES-MaACL
007 - CAMPO FIJO DE DESCRIPCIÓN FÍSICA--INFORMACIÓN GENERAL
campo de control de longitud fija t|
008 - DATOS DE LONGITUD FIJA--INFORMACIÓN GENERAL
campo de control de longitud fija 051124s1969 xxr ||||1| spa d
100 1# - ENTRADA PRINCIPAL--NOMBRE DE PERSONA
Nombre de persona Miasnikov, A.
9 (RLIN) 80851
245 10 - MENCIÓN DEL TÍTULO
Título Enfermedad hipertensiva y aterosclerosis... /
Mención de responsabilidad, etc. A. Miasnikov; traducido del ruso por... Fina Coll.
260 ## - PUBLICACIÓN, DISTRIBUCIÓN, ETC.
Lugar de publicación, distribución, etc. Moscú :
Nombre del editor, distribuidor, etc. Mir,
Fecha de publicación, distribución, etc. 1969.
300 ## - DESCRIPCIÓN FÍSICA
Extensión 2 v. :
Otras características físicas il. ;
Dimensiones 22 cm.
700 1# - ENTRADA AGREGADA--NOMBRE PERSONAL
Nombre de persona Coll, Fina.
9 (RLIN) 39613
852 ## - LOCALIZACIÓN
Ubicación ES-MaACL
Número de control de estantería E-6500-1
Sublocalización o colección R.90664
Holdings
Estatus retirado Estado de pérdida Estado de daño No para préstamo Biblioteca de origen Biblioteca actual Ubicación en estantería Fecha de adquisición Fuente de adquisición Total de préstamos Signatura topográfica completa Código de barras Visto por última vez Precio de reemplazo Tipo de ítem Koha
        Biblioteca del Ateneo de Madrid Biblioteca del Ateneo de Madrid Depósito 2 17/01/2008     E-6500-1 1108743 23/02/2023 23/02/2023 Libro impreso